000
00313nam a2200133Ia 4500
008
190216s9999||||xx |||||||||||||| ||und||
100
_a
"Shashi K.Guptha,Neethi Guptha"
245
0
_a
Financial Management
250
_a
1st Ed.
260
_b
Kalyani Pub
_c
2006
300
_a
158
650
_a
Commerce
942
_c
BK
999
_c
8205
_d
8205